Audit committee handbook / (Record no. 125655)

MARC details
000 -LEADER
fixed length control field 00815nam a22002417a 4500
005 - DATE AND TIME OF LATEST TRANSACTION
control field 20170124105958.0
010 ## - LIBRARY OF CONGRESS CONTROL NUMBER
LC control number B-192030
020 ## - INTERNATIONAL STANDARD BOOK NUMBER
Terms of availability 00.00
International Standard Book Number 9780070583573
035 ## - SYSTEM CONTROL NUMBER
System control number B-192030
037 ## - SOURCE OF ACQUISITION
Source of stock number/acquisition Cen Lib/Ret
040 ## - CATALOGING SOURCE
Original cataloging agency DPL
Language of cataloging EN
082 ## - DEWEY DECIMAL CLASSIFICATION NUMBER
Classification number 658.15
Item number VEN
100 ## - MAIN ENTRY--PERSONAL NAME
Personal name Venkataraman, V.
9 (RLIN) 15069
245 ## - TITLE STATEMENT
Title Audit committee handbook /
Statement of responsibility, etc by V. Venkataraman
260 ## - PUBLICATION, DISTRIBUTION, ETC. (IMPRINT)
Place of publication, distribution, etc New Delhi
Name of publisher, distributor, etc Tata McGraw-Hill Publishing Company
Date of publication, distribution, etc 2005
270 ## - ADDRESS
City New Delhi
Address 7 west patel nagar
Postal code 110008
300 ## - PHYSICAL DESCRIPTION
Extent xiv, 263p.
Dimensions 22cm(Hb)
490 ## - SERIES STATEMENT
Series statement Tata McGraw-Hill professional : corporate governance series
500 ## - GENERAL NOTE
General note Includes bibliographical references and index
650 ## - SUBJECT ADDED ENTRY--TOPICAL TERM
Topical term or geographic name as entry element Human resource management
9 (RLIN) 9535
650 ## - SUBJECT ADDED ENTRY--TOPICAL TERM
Topical term or geographic name as entry element Audit commitee
Form subdivision Handbooks
9 (RLIN) 15070
942 ## - ADDED ENTRY ELEMENTS (KOHA)
Source of classification or shelving scheme Dewey Decimal Classification
Koha item type English Books
Classification part 658.15
Call number suffix VEN
Holdings
Withdrawn status Lost status Damaged status Not for loan Home library Current library Date acquired Source of acquisition Cost, normal purchase price Total Checkouts Full call number Barcode Date last seen Copy number Cost, replacement price Price effective from Koha item type Source of classification or shelving scheme Collection code
        Central Library Central Library 22/06/2015 Cen Lib/Ret 0.00   658.15 VEN B-192030 22/06/2015 1 0.00 22/06/2015 English Books    
        Patel Nagar Patel Nagar 09/07/2018 BPPD/Pub 0.00   658.15 VEN B-192031 09/07/2018   0.00 09/07/2018 English Books Dewey Decimal Classification Non-fiction

© Delhi Public Library
Hit Counter
free hit counter